00763nam a2200229Ii 45000010005000000030009000050080041000140200016000550400033000710410008001040820015001121000025001272450015001522640072001673000012002393360026002513370028002773380027003059400050003329990017003829520134003992250CO-ViMGA241108s9999||||xx |||||||||||||| ||und|| a958 6110672 aCO-ViMGAbspaerdacCO-ViMGA0 aspa04a889.1 E59d1 aOdiseo Elitis95087510aDignum Est 1a[Lugar de publicación no identificado] : Ediciones Uniandes, 1985 avolumen atextbtxt2rdacontent aunmediatedbn2rdamedia avolumebnc2rdacarrier aidficha_siabuc: 2204. -- ficha_no_siabuc:2250 c45574d45574 001040708001aMEVIGERRbMEVIGERRcGENd2005-07-26o889.1 E59dpECA9605r2024-11-26 09:28:57tEj.1w2024-11-26yBKz2204 | 2632